000 01001nam a22002297a 4500
999 _c61646
_d61646
005 20240408170818.0
008 240408s2002 enk||||| |||| 00| 0 eng d
020 _a9781899066575x
041 _aeng
080 _a616.314 F-97
245 _aFundamental Principles and Practice of Anaesthesia /
_cEdited by Peter Hutton, Griselda Cooper, Francis M James, John F Butterworth
264 _aLondon :
_bCRC Press,
_c2002.
300 _a1100 p:
_bill.;
_c28 cm.
653 _aანესტეზია
653 _aმედიცინა
653 _aანესთეზიის ფუნდამენტური პრინციპები და პრაქტიკა
700 _aHutton,Peter
_eრედაქტორი
_921728
700 _aCooper, Griselda
_eრედაქტორი
_921729
700 _aJames, Francis M.
_eრედაქტორი
_921730
700 _aButterworth, John F.
_eრედაქტორი
_921731
942 _2udc
_cᲬᲘᲒᲜᲘ